LEADER 01196nam a2200265 4500 001 000000357212 003 CaOOAMICUS 005 20240219110252.0 008 240216s2023 it 000 u ita r 020 $a979-88-6054-057-6 040 $aSeMil$bita 100 1 $aBrera, Giuseppe R.$0(OLS)http://semarc/name/116870 245 12$aL'adolescenza o del coraggio di essere uomini e donne :$bgenitori, insegnanti, educatori alla prova di sé /$cGiuseppe R. Brera. 264 1$aMilano :$bUniversità Ambrosiana,$c2023. 300 $a204 p. ;$c23 cm 541 0 $aOmaggio mons. Mario Delpini 650 4$aAdolescenti - Analisi pedagogica.$0(OLS)http://semarc/subject/55105 850 $aSeMil 852 $aSeMil$W1$xVenegono$y1$m2Q V 247$j247153$B248396$CSeMilBibl$Z2$F248396 $81 941 1 $a7 961 $aOmaggio mons. Mario Delpini 996 $6020$a979-88-6054-057-6$9(OLS)http://semarc/number/299834 996 $6245$aL'adolescenza o del coraggio di essere uomini e donne :$bgenitori, insegnanti, educatori alla prova di sé$9(OLS)http://semarc/title/447450 996 $6264$aMilano :$bUniversità Ambrosiana$9(OLS)http://semarc/publisher/61566 LEADER 01360nam a2200277 i 4500 001 000000247854 003 CaOOAMICUS 005 20160209000000.0 008 160209s1972 it u000 u ita u 013 $a226759 040 $aSeMil$bita 100 1 $aCastelli, Ferdinando,$c.$0(OLS)http://semarc/name/89190 245 10$aSei profeti per il nostro tempo :$bvolti dell'umanesimo contemporaneo /$cFerdinando Castelli. 260 $aNapoli :$bDehoniane,$c1972. 300 $a393 p. ;$c21 cm. 600 14$aDostoevskij, Fëdor Michajlovi? <1821-1881>.$0(OLS)http://semarc/subject/44922 600 14$aPéguy, Charles <1873-1914>.$0(OLS)http://semarc/subject/9067 600 14$aUnamuno, Miguel : de <1864-1936>.$0(OLS)http://semarc/subject/3003 600 14$aNietzsche, Friedrich <1844-1900>.$0(OLS)http://semarc/subject/638 600 14$aTeilhard de Chardin, Pierre .$0(OLS)http://semarc/subject/2657 600 14$aPirandello, Luigi <1867-1936>.$0(OLS)http://semarc/subject/27289 850 $aSeMil 852 $aSeMil$W1$xVenegono$y1$m1O III 217$j198200$B198200$CSeMilBibl$Z2$F210233 $81 961 $aLascito: Calori don Carlo 996 $6245$aSei profeti per il nostro tempo :$bvolti dell'umanesimo contemporaneo$9(OLS)http://semarc/title/349893 996 $6260$aNapoli :$bDehoniane$9(OLS)http://semarc/publisher/29785